000 00719nam a2200181 a 4500
001 000002984
005 20240314193807.0
008 090706s2008 dr ac 000 0 spa d
040 _aDO-SdBNP
_bspa
_cBNPHU
082 _a344.07
_bP699
245 0 0 _aPlan estratégico :
_bhacia el fortalecimiento de la enseñanza del derecho. /
_ccoordinador Alejandro Moscoso Segarra.
260 _aSanto Domingo :
_bMesa Nacional de Decanos y Directores de Facultades y Escuelas de Derecho de la República Dominicana.,
_c2008.
300 _a51 p. :
_bil. ;
_c22 cm.
650 4 _aPlanificación estratégica
_92433
650 4 _aDerecho
_xEnseñanza
_99462
700 1 _aMoscoso Segarra, Alejandro A
_d1964-
_ecoor.
_962241
049 _aBNPD
999 _c2816
_d2816